[Event "East Lansing (Class B/5/4)"]
[Site "?"]
[Date "1995.??.??"]
[Round "?"]
[White "Scriber, Darin"]
[Black "Foote, Greg"]
[Result "1-0"]
[WhiteElo "1670"]
[BlackElo "1705"]
[PlyCount "71"]
[EventDate "1995.??.??"]

{5/(4)} 1. e4 c5 2. d4 cxd4 3. c3 dxc3 4. Nxc3 Nc6 5. Nf3 a6 6. Bc4 e6 7. Bf4
Bb4 8. O-O Nge7 9. e5 O-O 10. Ne4 b5 11. Bd3 Ng6 12. Bg3 Qc7 13. Rc1 Bb7 14. h4
Rad8 15. h5 Nge7 16. a3 Ba5 17. b4 Bb6 18. Qd2 Nf5 19. Nf6+ Kh8 20. Bxf5 exf5
21. Nd5 Bxf2+ 22. Bxf2 Qb8 23. Bg3 Qa7+ 24. Kh2 h6 25. Bf4 Rde8 26. Bxh6 Nxe5
27. Nxe5 Bxd5 28. Qxd5 gxh6 29. Nxf7+ Kg7 30. Qxf5 Re6 31. Qg4+ Kh7 32. Ng5+
hxg5 33. Rxf8 Qe3 34. Qf5+ Kg7 35. Qf7+ Kh6 36. Rh8# 1-0

[Event "Lansing (Mini-Swiss.2/2)"]
[Site "?"]
[Date "1995.??.??"]
[Round "?"]
[White "Scriber, Darin"]
[Black "Asbury, Victor"]
[Result "0-1"]
[WhiteElo "1650"]
[BlackElo "1605"]
[PlyCount "38"]
[EventDate "1995.??.??"]

{2/(2)} 1. e4 c5 2. d4 cxd4 3. c3 dxc3 4. Nxc3 g6 5. Nf3 Bg7 6. Bf4 Nf6 7. e5
Nh5 8. Be3 f5 9. Bc4 e6 10. Qe2 O-O 11. Bc5 Rf7 12. Rd1 Nf4 13. Qf1 Nc6 14. g3
Nxe5 15. Nxe5 Bxe5 16. gxf4 Bxc3+ 17. bxc3 d5 18. Bb3 Qc7 19. Bd4 Qxf4 0-1

[Event "East Lansing (Class DE/4/22)"]
[Site "?"]
[Date "1995.??.??"]
[Round "?"]
[White "Scott, A."]
[Black "Ware, C."]
[Result "1/2-1/2"]
[WhiteElo "1605"]
[BlackElo "1605"]
[PlyCount "101"]
[EventDate "1995.??.??"]

{4/(22)} 1. e4 e6 2. d4 d5 3. exd5 Qxd5 4. Nc3 Qd8 5. Bf4 Bd6 6. Qd2 Ne7 7. Bd3
Nd7 8. Nf3 Ng6 9. Bxg6 hxg6 10. O-O-O c5 11. Bxd6 Qb6 12. dxc5 Qc6 13. Rhe1 b6
14. cxb6 axb6 15. Ne5 Nxe5 16. Bxe5 Bd7 17. Bxg7 Rh5 18. Bf6 Rha5 19. Qd6 Qxd6
20. Rxd6 Rf5 21. Bh4 Rh5 22. Nd5 Rxh4 23. Nc7+ Ke7 24. Red1 Rd8 25. h3 Rc4 26.
Nb5 Rc5 27. Nc3 Rc7 28. g4 g5 29. Ne4 f6 30. f3 Rcc8 31. Rxb6 Ba4 32. Rb7+ Ke8
33. Nxf6+ Kf8 34. Rxd8+ Rxd8 35. Nh7+ Kg8 36. Nxg5 e5 37. b3 Bc6 38. Rc7 Be8
39. h4 Rd7 40. Rc8 Kf8 41. h5 Re7 42. h6 Kg8 43. Ne4 Re6 44. Rxe8+ Rxe8 45.
Nf6+ Kh8 46. Nxe8 Kh7 47. g5 e4 48. fxe4 Kg6 49. e5 Kh7 50. Nf6+ Kh8 51. e6
1/2-1/2

[Event "East Lansing (Class DE/2/9)"]
[Site "?"]
[Date "1995.??.??"]
[Round "?"]
[White "Scott, A."]
[Black "Kenworthy, Matt"]
[Result "0-1"]
[WhiteElo "1605"]
[BlackElo "1605"]
[PlyCount "66"]
[EventDate "1995.??.??"]

{2/(9)} 1. e4 e5 2. Nf3 Nf6 3. Nxe5 Qe7 4. Nf3 Nxe4 5. Qe2 Nf6 6. Nc3 Nc6 7. d3
Qxe2+ 8. Bxe2 h6 9. Bf4 d6 10. Nb5 Kd8 11. O-O Bg4 12. Rfe1 Nd5 13. Bg3 Be7 14.
c4 Ndb4 15. Na3 Bf6 16. Rab1 Nxa2 17. h3 Bh5 18. Bh4 g5 19. Bg3 Nab4 20. Nd2
Bxe2 21. Rxe2 Nxd3 22. Ne4 Bxb2 23. Nb5 Bg7 24. Rd1 Nde5 25. c5 a6 26. Nbc3 Nc4
27. Rd5 Be5 28. Bxe5 N6xe5 29. cxd6 c6 30. Nc5 cxd5 31. Nxb7+ Kd7 32. Nc5+ Kxd6
33. Nb7+ Kc6 0-1

[Event "East Lansing (MOR/4/4)"]
[Site "?"]
[Date "1995.??.??"]
[Round "?"]
[White "Scioly, Tony"]
[Black "al-Shareef, Robert"]
[Result "0-1"]
[WhiteElo "1605"]
[BlackElo "1710"]
[PlyCount "60"]
[EventDate "1995.??.??"]

{4/(4)} 1. Nf3 d5 2. g3 c6 3. Bg2 Nf6 4. d3 Bf5 5. O-O Nbd7 6. Nbd2 e6 7. Re1
h6 8. e4 dxe4 9. dxe4 Bg4 10. h3 Bh5 11. c4 Ne5 12. Qc2 Qd3 13. Qxd3 Nxd3 14.
Re3 Rd8 15. Bf1 Nb4 16. Rb3 Bg6 17. e5 Ne4 18. Nxe4 Bxe4 19. a3 Nc2 20. Ra2 Rd1
21. Bf4 g5 22. Bxg5 Bxf3 23. Bf6 Nd4 24. Rd3 Ne2+ 25. Kh2 Rxd3 26. Bxe2 Bxe2
27. Bxh8 Rd2 28. Bf6 Bxc4 29. Ra1 Rxf2+ 30. Kg1 Bc5 0-1

[Event "East Lansing (MOR/3/10)"]
[Site "?"]
[Date "1995.??.??"]
[Round "?"]
[White "Scioly, Tony"]
[Black "Turkalo, A."]
[Result "1-0"]
[WhiteElo "1605"]
[BlackElo "1700"]
[PlyCount "105"]
[EventDate "1995.??.??"]

{3/(10)} 1. Nf3 c5 2. g3 g6 3. Bg2 Bg7 4. O-O Nc6 5. e4 d6 6. d3 Nf6 7. c3 O-O
8. Re1 Bd7 9. Nbd2 Rb8 10. Nf1 b5 11. Bd2 b4 12. e5 Nd5 13. Ng5 Nc7 14. exd6
exd6 15. Ne4 Be8 16. f4 f5 17. Ng5 h6 18. Nf3 Bd7 19. Ne3 bxc3 20. Bxc3 Nd4 21.
Bxd4 cxd4 22. Nc4 d5 23. Nce5 Be8 24. Qd2 Qd6 25. Rac1 Rf6 26. Kh1 Qb6 27. Nh4
Kh7 28. Rc2 Bf8 29. Rec1 Bd6 30. Nhf3 Re6 31. Qf2 Rb7 32. h3 Ba4 33. b3 Ba3 34.
Rg1 Be8 35. g4 Bc5 36. gxf5 gxf5 37. Nh4 Qd6 38. Nxf5 Qf8 39. Nh4 Rf6 40. Qg3
Bd6 41. Re2 Rxf4 42. Nhg6 Bxg6 43. Qxg6+ Kh8 44. Nd7 Rf6 45. Qxf6+ Qxf6 46.
Nxf6 Nb5 47. Bxd5 Rb8 48. Rg8+ Rxg8 49. Bxg8 Kg7 50. Rf2 Be5 51. Bc4 Nd6 52.
Ne4 Ne8 53. Rf7+ 1-0

[Event "Grand Rapids (MI Am/4/10)"]
[Site "?"]
[Date "1995.??.??"]
[Round "?"]
[White "Scioly, Tony"]
[Black "Skidmore, Mike"]
[Result "0-1"]
[WhiteElo "1605"]
[BlackElo "1975"]
[PlyCount "58"]
[EventDate "1995.??.??"]

{4/(10)} 1. Nf3 c6 2. g3 d5 3. Bg2 Nf6 4. d3 Nbd7 5. O-O e6 6. c4 Be7 7. Nc3
O-O 8. Bd2 Nb6 9. cxd5 exd5 10. Rc1 Bg4 11. h3 Bf5 12. Nd4 Bd7 13. e4 dxe4 14.
dxe4 Nc4 15. b3 Nxd2 16. Qxd2 Bb4 17. Qe2 Qb6 18. Rfd1 c5 19. e5 cxd4 20. exf6
Bxc3 21. Rxc3 dxc3 22. Rxd7 Qxf6 23. Bxb7 Rfe8 24. Qc2 Qe6 25. Rc7 Qe1+ 26. Kg2
Rab8 27. Qf5 Qe6 28. Qxe6 fxe6 29. Be4 Rec8 0-1

[Event "East Lansing (MOR/7/5)"]
[Site "?"]
[Date "1995.??.??"]
[Round "?"]
[White "Scioly, Tony"]
[Black "Nicolli, Randy"]
[Result "0-1"]
[WhiteElo "1605"]
[BlackElo "1755"]
[PlyCount "98"]
[EventDate "1995.??.??"]

{7/(5)} 1. Nf3 Nc6 2. g3 e5 3. e4 Bc5 4. Bg2 d6 5. d3 Nge7 6. Nc3 a6 7. a3 Bg4
8. h3 Bh5 9. Ne2 O-O 10. c3 Rb8 11. b4 Ba7 12. Qb3 b5 13. g4 Bg6 14. Ng3 Kh8
15. Nh4 Qd7 16. f4 exf4 17. Bxf4 f6 18. Ngf5 Bf7 19. Qd1 g5 20. Bxg5 fxg5 21.
Nf3 Nxf5 22. gxf5 Qe7 23. h4 g4 24. Ng5 Qf6 25. d4 Nxd4 26. cxd4 Bxd4 27. Rc1
Bc3+ 28. Kf1 Bc4+ 29. Kf2 Bd4+ 30. Ke1 g3 31. Rxc4 bxc4 32. Qh5 Bf2+ 33. Ke2
Qe7 34. Kd2 c5 35. Rb1 cxb4 36. Rxb4 Rxb4 37. axb4 d5 38. Ne6 Qxb4+ 39. Ke2
Qb2+ 40. Kf3 dxe4+ 41. Kf4 Qb8+ 42. Kg4 Rg8+ 43. Kh3 c3 44. Ng5 Rg7 45. Bxe4 g2
46. Kxg2 Qg3+ 47. Kf1 Qg1+ 48. Ke2 Qe1+ 49. Kf3 Qd1+ 0-1

[Event "Grand Rapids (MI Am/3/23)"]
[Site "?"]
[Date "1995.??.??"]
[Round "?"]
[White "Scioly, Tony"]
[Black "Clark, R."]
[Result "1-0"]
[WhiteElo "1605"]
[BlackElo "1605"]
[PlyCount "57"]
[EventDate "1995.??.??"]

{3/(23)} 1. e4 g6 2. d4 Bg7 3. Nf3 d6 4. Be2 Nf6 5. Nc3 O-O 6. Bg5 Bg4 7. Qd2
Nbd7 8. h3 Bxf3 9. gxf3 e5 10. dxe5 dxe5 11. O-O-O c6 12. h4 Qa5 13. Bh6 Rad8
14. Bxg7 Kxg7 15. Rdg1 Nh5 16. f4 Ndf6 17. Qe3 Nxf4 18. h5 Nxe2+ 19. Qxe2 Rd4
20. Qf3 Rd6 21. Qe3 Qb6 22. Qg5 h6 23. Qxe5 Re6 24. Qg3 Nh7 25. hxg6 fxg6 26.
f4 g5 27. fxg5 Nxg5 28. Rxh6 Rxh6 29. Qxg5+ 1-0

[Event "Ann Arbor (Mini-Swiss/2/4)"]
[Site "?"]
[Date "1995.??.??"]
[Round "?"]
[White "Scioly, Tony"]
[Black "Bacon, B."]
[Result "0-1"]
[WhiteElo "1605"]
[BlackElo "1605"]
[PlyCount "86"]
[EventDate "1995.??.??"]

{2/(4)} 1. Nf3 d5 2. g3 Nf6 3. Bg2 Nc6 4. O-O e5 5. d3 Bg4 6. h3 Bh5 7. Nbd2
Qd7 8. g4 Bg6 9. c4 h5 10. g5 Nh7 11. cxd5 Qxd5 12. Nc4 Qe6 13. e4 O-O-O 14.
Qc2 Nb4 15. Qc3 Nxd3 16. a3 Bxe4 17. Ncxe5 Nxe5 18. Qxe5 Qxe5 19. Nxe5 Bxg2 20.
Kxg2 Rd5 21. Nxf7 Rg8 22. h4 Bc5 23. Be3 Bxe3 24. fxe3 Rd2+ 25. Rf2 Rxf2+ 26.
Kxf2 Rf8 27. g6 Nf6 28. Kf3 Ng4 29. Ke2 Re8 30. Rc1 Rxe3+ 31. Kd2 Rh3 32. Rc5
Rxh4 33. Ng5 Rh2+ 34. Kc3 Nf6 35. Kb3 Rg2 36. Ne6 c6 37. Nf8 Nd5 38. Rc4 Rg3+
39. Ka2 Rg4 40. Rc2 Nf4 41. Rh2 h4 42. Kb3 h3 43. Rf2 Ng2 0-1

[Event "Lansing (Mini-Swiss.1/1)"]
[Site "?"]
[Date "1995.??.??"]
[Round "?"]
[White "Schoonmaker, John"]
[Black "Zacks, Naum"]
[Result "1-0"]
[WhiteElo "1940"]
[BlackElo "1815"]
[PlyCount "75"]
[EventDate "1995.??.??"]

{1/(1)} 1. d4 g6 2. Nf3 Bg7 3. Bg5 d6 4. e3 c5 5. c3 Nh6 6. Be2 Qb6 7. Qb3 Qxb3
8. axb3 a6 9. Nbd2 Nc6 10. O-O cxd4 11. exd4 O-O 12. d5 f6 13. Bxh6 Bxh6 14.
dxc6 bxc6 15. Ra3 e5 16. Nc4 e4 17. Nd4 d5 18. Nb6 Rb8 19. Nxc8 c5 20. Nc6 Kf7
21. Nxb8 Rxc8 22. Nxa6 d4 23. Bc4+ Ke7 24. Ra5 Kd6 25. Rd1 d3 26. Bxd3 exd3 27.
Rxd3+ Ke7 28. Nxc5 Rc7 29. b4 Bc1 30. Rb5 Bxb2 31. Rb7 Rxb7 32. Nxb7 h6 33. Kf1
f5 34. Ke2 g5 35. Kd2 f4 36. Kc2 Ba3 37. Rd1 g4 38. Kb3 1-0

[Event "Lansing (Mini-Swiss.1/3)"]
[Site "?"]
[Date "1995.??.??"]
[Round "?"]
[White "Schoonmaker, John"]
[Black "Williams, Ken"]
[Result "1/2-1/2"]
[WhiteElo "1980"]
[BlackElo "2070"]
[PlyCount "59"]
[EventDate "1995.??.??"]

{1/(3)} 1. d4 Nf6 2. Nf3 g6 3. Bg5 Bg7 4. Nbd2 d5 5. e3 Nbd7 6. Be2 c6 7. c3 h6
8. Bh4 O-O 9. O-O Re8 10. b4 e5 11. Nb3 g5 12. Bg3 Ne4 13. Qc2 Nxg3 14. hxg3 e4
15. Nfd2 Qe7 16. Rfb1 b6 17. a3 f5 18. c4 Nf6 19. cxd5 cxd5 20. Rc1 Bb7 21. Qc7
Rac8 22. Qxe7 Rxc1+ 23. Rxc1 Rxe7 24. Kf1 Ne8 25. Bb5 Kf8 26. Bc6 Bxc6 27. Rxc6
Rc7 28. Rxc7 Nxc7 29. Ke2 Ke7 30. Nb1 1/2-1/2

[Event "Lansing (Mini-Swiss.1/1)"]
[Site "?"]
[Date "1995.??.??"]
[Round "?"]
[White "Schoonmaker, John"]
[Black "Horton, Deon"]
[Result "0-1"]
[WhiteElo "1980"]
[BlackElo "1885"]
[PlyCount "114"]
[EventDate "1995.??.??"]

{1/(1)} 1. d4 Nf6 2. Nf3 g6 3. Bg5 Bg7 4. Nbd2 d5 5. e3 c6 6. Be2 h6 7. Bxf6
Bxf6 8. c3 Bf5 9. O-O Nd7 10. b4 O-O 11. Qb3 b5 12. a4 a6 13. Ra3 Nb6 14. axb5
axb5 15. Rfa1 Ra4 16. Qb2 Qc7 17. Bd1 Rxa3 18. Rxa3 Ra8 19. Rxa8+ Nxa8 20. Qa3
Nb6 21. Qa5 g5 22. Nb3 e6 23. Nc5 Bd8 24. Ne5 f6 25. Ned3 Qe7 26. Qa6 e5 27.
Be2 Bc8 28. Qa2 e4 29. Ne1 f5 30. g3 f4 31. Bh5 Nc4 32. exf4 gxf4 33. Qa8 Bd7
34. Nb7 Kg7 35. Qxd8 Qxd8 36. Nxd8 f3 37. Nf7 Be8 38. Nxh6 Bxh5 39. Nf5+ Kf6
40. Ne3 Nb2 41. g4 Be8 42. h4 Na4 43. Nd1 Bd7 44. g5+ Kf5 45. Ne3+ Kf4 46. g6
Nxc3 47. N1c2 Be6 48. Kh2 Na2 49. g7 Nc1 50. Nf1 Nd3 51. Kg1 Kf5 52. Ng3+ Kg6
53. Ne3 Kxg7 54. Nc2 Kg6 55. Kf1 Kh6 56. Kg1 Nf4 57. Kh2 Bd7 0-1

[Event "Lansing (Mini-Swiss.1/3)"]
[Site "?"]
[Date "1995.??.??"]
[Round "?"]
[White "Schoonmaker, John"]
[Black "Garrison, Ray"]
[Result "1/2-1/2"]
[WhiteElo "1940"]
[BlackElo "1945"]
[PlyCount "130"]
[EventDate "1995.??.??"]

{1/(3)} 1. d4 c5 2. e3 Nf6 3. Nf3 d5 4. Nbd2 Bg4 5. c4 cxd4 6. exd4 Nc6 7. Qa4
Bd7 8. cxd5 Nxd5 9. Qd1 Rc8 10. a3 Qa5 11. Bc4 e6 12. O-O Nf6 13. Qe2 Ne7 14.
Ne5 Ned5 15. Nxd7 Kxd7 16. f4 Bd6 17. Bb5+ Kd8 18. Nb3 Qb6 19. Bd2 Rc2 20. Qd3
Rxd2 21. Nxd2 Nxf4 22. Rxf4 Bxf4 23. Nb3 Nd5 24. Rf1 Ke7 25. Bc4 Qd6 26. Bxd5
Bxh2+ 27. Kh1 exd5 28. Re1+ Kd8 29. Nc5 Qc7 30. Rc1 Qb8 31. Qf5 Qc8 32. Qxd5+
Ke7 33. Kxh2 Rd8 34. Re1+ Kf8 35. Qxb7 Qxb7 36. Nxb7 Rxd4 37. Re2 g6 38. Nc5
Rd5 39. Ne4 Re5 40. Nc3 Rh5+ 41. Kg1 Rf5 42. Re4 Rf6 43. b4 Rc6 44. Nd5 Rc1+
45. Kh2 Rd1 46. Nc3 Rd3 47. Rc4 Rd7 48. a4 Ke7 49. b5 f5 50. a5 Kd8 51. b6 axb6
52. axb6 Rb7 53. Nd5 Rd7 54. Rc5 h6 55. Kg3 g5 56. Kf3 h5 57. Ke3 h4 58. Kd4 g4
59. Ke5 h3 60. gxh3 gxh3 61. Rc1 h2 62. Rh1 Rh7 63. Kxf5 Rh5+ 64. Ke4 Kc8 65.
Kd4 Kb8 {1/2-1/2, ??.} 1/2-1/2

[Event "Troy (US Am N/3/12)"]
[Site "?"]
[Date "1995.??.??"]
[Round "?"]
[White "Schmoldt, J."]
[Black "Ward, Tim"]
[Result "1-0"]
[WhiteElo "1715"]
[BlackElo "1970"]
[PlyCount "147"]
[EventDate "1995.??.??"]

{3/(12)} 1. f4 d5 2. Nf3 Nf6 3. e3 e6 4. d4 c5 5. c3 Nc6 6. Bd3 Be7 7. Nbd2
cxd4 8. exd4 O-O 9. Ne5 g6 10. O-O Ne8 11. b3 f5 12. Ndf3 Nd6 13. Qe1 Ne4 14.
Be3 Qa5 15. Bxe4 dxe4 16. Nxc6 bxc6 17. Ne5 Qc7 18. b4 Ba6 19. Rf2 Bh4 20. g3
Be7 21. Qd2 Bb7 22. Rc1 a5 23. a3 axb4 24. axb4 Ra4 25. h4 Kg7 26. Qd1 Rfa8 27.
h5 Qd8 28. hxg6 hxg6 29. Rh2 Ra2 30. Rh3 Qe8 31. g4 Ba6 32. g5 Be2 33. Qe1 Bf3
34. Nxf3 exf3 35. Rxf3 Qh8 36. Qg3 Ra1 37. Rff1 Rxc1 38. Rxc1 Qh7 39. Qh2 Qxh2+
40. Kxh2 Ra2+ 41. Kg3 Ra3 42. Kf3 Bd6 43. Rc2 Kf7 44. Ke2 Ra1 45. Rc1 Ra2+ 46.
Kd3 Ra3 47. Rb1 Ra2 48. Bd2 Ke7 49. Rd1 Ra3 50. Kc2 Ra8 51. Rh1 Ra2+ 52. Kd3
Ra3 53. Rh7+ Kf8 54. Rb7 Ra1 55. Rd7 Be7 56. Rc7 Ke8 57. Rxc6 Kd7 58. Rb6 Bd8
59. Rb5 Bc7 60. d5 Rd1 61. Ke2 Ra1 62. Rc5 exd5 63. Rxd5+ Kc6 64. c4 Rh1 65.
b5+ Kb7 66. c5 Rh2+ 67. Kd3 Rh3+ 68. Kc4 Rf3 69. Rd7 Kc8 70. c6 Bxf4 71. Bxf4
Rxf4+ 72. Kc5 Re4 73. Rg7 Re5+ 74. Kd6 1-0

[Event "Troy (US Am N/4/7)"]
[Site "?"]
[Date "1995.??.??"]
[Round "?"]
[White "Schmoldt, J."]
[Black "Hater, David"]
[Result "1-0"]
[WhiteElo "1715"]
[BlackElo "1900"]
[PlyCount "63"]
[EventDate "1995.??.??"]

{4/(7)} 1. f4 Nf6 2. Nf3 d6 3. d4 g6 4. e3 Bg7 5. Bd3 O-O 6. O-O Nbd7 7. c4 Re8
8. Nc3 e5 9. Qc2 Qe7 10. dxe5 dxe5 11. fxe5 Nxe5 12. Nd5 Nxd5 13. cxd5 Nxd3 14.
Qxd3 Bf5 15. Qb3 Qc5 16. Nd4 Bxd4 17. exd4 Qxd4+ 18. Kh1 Re2 19. Qg3 Qxd5 20.
Bh6 Qe5 21. Bf4 Qxb2 22. Rae1 Rae8 23. Rd1 Be4 24. Rg1 c5 25. h4 h5 26. Rdf1
Bd5 27. Bg5 R8e6 28. Qf4 Ra6 29. Rd1 Qxa2 30. Qb8+ Kg7 31. Bh6+ Kxh6 32. Qh8#
1-0

[Event "Troy (US Am N/1/39)"]
[Site "?"]
[Date "1995.??.??"]
[Round "?"]
[White "Schmoldt, J."]
[Black "Chia, L."]
[Result "1-0"]
[WhiteElo "1715"]
[BlackElo "1605"]
[PlyCount "135"]
[EventDate "1995.??.??"]

{1/(39)} 1. f4 Nf6 2. Nf3 d6 3. d4 Bg4 4. Nbd2 Nc6 5. e3 a6 6. c3 Qd7 7. Be2 e5
8. Qc2 exf4 9. exf4 Bf5 10. Qd1 h6 11. O-O Ng4 12. Nc4 Be7 13. d5 Nd8 14. Nd4
Nf6 15. Nxf5 Qxf5 16. Bf3 O-O 17. Ne3 Qd7 18. Bh5 Nxh5 19. Qxh5 f5 20. b3 b5
21. Bd2 Nb7 22. Rf3 Nc5 23. Rd1 Kh7 24. g4 fxg4 25. Qxg4 Qxg4+ 26. Nxg4 Rae8
27. f5 Ne4 28. Be1 h5 29. Nf2 Bf6 30. Nh3 Ng5 31. Nxg5+ Bxg5 32. c4 Re2 33.
cxb5 axb5 34. h4 Bf6 35. a4 bxa4 36. bxa4 Re4 37. Ra1 Bxh4 38. Bxh4 Rxh4 39. a5
Rd4 40. a6 Rg4+ 41. Kf2 Rb4 42. a7 Ra8 43. Kg3 Kh6 44. Kh3 Rb7 45. Rg1 Rbxa7
46. Rg6+ Kh7 47. Rfg3 c5 48. dxc6 d5 49. R3g5 Ra3+ 50. Kg2 Ra2+ 51. Kf3 R8a3+
52. Kf4 Rf2+ 53. Ke5 Re3+ 54. Kd6 Rc3 55. Rxh5+ Kg8 56. Rhg5 Kf8 57. Rxg7 Rfc2
58. Rc7 d4 59. Rh5 Kg8 60. Rg5+ Kf8 61. f6 Rf2 62. Rc8+ Kf7 63. Rg7+ Kxf6 64.
Rf8+ Kxg7 65. Rxf2 Ra3 66. c7 Ra6+ 67. Kd7 Ra7 68. Kd8 1-0

[Event "Eastpointe (MCO/3/13)"]
[Site "?"]
[Date "1995.??.??"]
[Round "?"]
[White "Schilling, P."]
[Black "Mazuchowski, Tom"]
[Result "0-1"]
[WhiteElo "1620"]
[BlackElo "2200"]
[PlyCount "110"]
[EventDate "1995.??.??"]

{3/(13)} 1. e4 e5 2. Nf3 Nc6 3. Bb5 f5 4. d3 fxe4 5. dxe4 Nf6 6. Bxc6 bxc6 7.
O-O Bc5 8. Nxe5 O-O 9. Nd3 Nxe4 10. Nxc5 Nxc5 11. Be3 Ne6 12. Nd2 d5 13. Nb3
Qd6 14. c4 Ba6 15. cxd5 cxd5 16. Re1 c5 17. Qc2 d4 18. Bd2 c4 19. Rxe6 Qxe6 20.
Nxd4 Qd5 21. Bc3 Bb7 22. f3 Rae8 23. Qd2 Rf7 24. Re1 Rfe7 25. Rxe7 Rxe7 26. Qf4
Qd8 27. Qg3 Bc8 28. a3 Rd7 29. Qf2 Qg5 30. f4 Qc5 31. Qd2 Rd6 32. Qf2 Bf5 33.
Qd2 h5 34. h4 Be4 35. Kf2 Qd5 36. g3 Qc5 37. Qe3 Bb7 38. Qe5 Qd5 39. Qxd5+ Rxd5
40. Ke3 g6 41. Kf2 Kf7 42. Ke3 Rd8 43. Kf2 a6 44. Nf3 Bxf3 45. Kxf3 Ke6 46. Ke2
Kf5 47. Kf2 Kg4 48. Kg2 Rd3 49. Be1 Re3 50. Kf2 Rxg3 51. Ke2 Rg2+ 52. Ke3 Rxb2
53. Kd4 Rc2 54. Bc3 Kxh4 55. Kxc4 Kg4 0-1

[Event "Eastpointe (MCO/1/4)"]
[Site "?"]
[Date "1995.??.??"]
[Round "?"]
[White "Schilling, P."]
[Black "Kamberi, Sonny"]
[Result "0-1"]
[WhiteElo "1620"]
[BlackElo "2160"]
[PlyCount "90"]
[EventDate "1995.??.??"]

{1/(4)} 1. e4 c6 2. d4 d5 3. Nc3 dxe4 4. f3 e5 5. Nxe4 f5 6. Nf2 Qxd4 7. Qxd4
exd4 8. Nd3 c5 9. b3 Nc6 10. Bd2 Be6 11. O-O-O O-O-O 12. Bf4 h6 13. Ne5 Nxe5
14. Bxe5 Ne7 15. f4 Nd5 16. Bc4 a6 17. Nf3 b5 18. Bxd5 Bxd5 19. Nh4 Be4 20. Ng6
Rg8 21. Rhg1 Kb7 22. Nxf8 Rdxf8 23. g4 fxg4 24. Rxg4 Bf3 25. Rxg7+ Rxg7 26.
Bxg7 Rxf4 27. Bxh6 Rh4 28. Rf1 Rxh6 29. Rxf3 Rxh2 30. Rf6 a5 31. Rd6 Rh7 32.
Kb2 Rc7 33. a4 Rc6 34. Rd7+ Kb6 35. axb5 Kxb5 36. c4+ Kb6 37. Kc2 Re6 38. Rd8
a4 39. bxa4 Ka5 40. Rd5 Kb4 41. Rh5 Re2+ 42. Kb1 d3 43. Rh3 Re1+ 44. Kb2 d2 45.
Rb3+ Kxc4 0-1

[Event "Eastpointe (MCO/5/19)"]
[Site "?"]
[Date "1995.??.??"]
[Round "?"]
[White "Schilling, P."]
[Black "Ashton, Jeff"]
[Result "0-1"]
[WhiteElo "1620"]
[BlackElo "1805"]
[PlyCount "112"]
[EventDate "1995.??.??"]

{5/(19)} 1. e4 c5 2. Nf3 Nc6 3. Nc3 g6 4. d3 Bg7 5. Bf4 d6 6. Be2 a6 7. a4 e5
8. Bg3 Nge7 9. Nd2 Be6 10. Bf3 O-O 11. Bh4 h6 12. Bxe7 Qxe7 13. Nf1 Nd4 14. Ne3
b5 15. Ncd5 Qb7 16. a5 b4 17. Nb6 Rad8 18. Nec4 Bxc4 19. dxc4 f5 20. Nd5 b3 21.
cxb3 Nxb3 22. exf5 e4 23. Bxe4 Rde8 24. O-O Rxe4 25. Re1 gxf5 26. Ra3 Nd4 27.
Rg3 Qf7 28. Rge3 Rfe8 29. Rxe4 fxe4 30. Qg4 Qe6 31. Qxe6+ Rxe6 32. Nc7 Re7 33.
Nd5 Re5 34. f4 exf3 35. Rxe5 Bxe5 36. b4 cxb4 37. Nxb4 fxg2 38. Nxa6 Nb3 39. c5
Bd4+ 40. Kxg2 dxc5 41. Nxc5 Nxc5 42. Kf3 Bc3 43. Kg4 Bxa5 44. Kh5 Kg7 45. h3
Be1 46. Kg4 Kg6 47. h4 Bxh4 48. Kxh4 h5 49. Kg3 Kg5 50. Kh3 h4 51. Kg2 Kg4 52.
Kh2 Ne4 53. Kg2 h3+ 54. Kh2 Kh4 55. Kh1 Kg3 56. Kg1 h2+ 0-1

[Event "Detroit (WCO/5/2)"]
[Site "?"]
[Date "1995.??.??"]
[Round "?"]
[White "Schey, Danny"]
[Black "Zaremba, Andrei"]
[Result "0-1"]
[WhiteElo "1780"]
[BlackElo "1990"]
[PlyCount "42"]
[EventDate "1995.??.??"]

{5/(2)} 1. c4 g6 2. Nc3 Bg7 3. d4 c5 4. Nf3 cxd4 5. Nxd4 Nc6 6. Nb3 d6 7. e4
Nf6 8. Be2 O-O 9. Be3 Be6 10. f4 Qd7 11. Qd2 Bg4 12. O-O Bxe2 13. Qxe2 Ng4 14.
Bd2 Nd4 15. Nxd4 Bxd4+ 16. Kh1 f5 17. h3 Nf6 18. e5 Bxc3 19. e6 Ne4 20. bxc3
Qxe6 21. Rf3 Ng3+ 0-1

[Event "Troy (US Am N/5/10)"]
[Site "?"]
[Date "1995.??.??"]
[Round "?"]
[White "Schey, Danny"]
[Black "Williams, Ron"]
[Result "1/2-1/2"]
[WhiteElo "1780"]
[BlackElo "1920"]
[PlyCount "162"]
[EventDate "1995.??.??"]

{5/(10)} 1. e4 c5 2. Nf3 Nc6 3. d4 cxd4 4. Nxd4 e6 5. Nb5 d6 6. Bf4 Ne5 7. Bxe5
dxe5 8. Qxd8+ Kxd8 9. N1c3 Bd7 10. O-O-O Kc8 11. Be2 a6 12. Nd6+ Bxd6 13. Rxd6
Kc7 14. Rhd1 Nf6 15. f4 Bc6 16. fxe5 Nd7 17. Bf3 Nxe5 18. b3 g5 19. Bh5 Rhg8
20. R6d2 Rad8 21. Rf1 Rxd2 22. Kxd2 Rd8+ 23. Ke3 Kb6 24. Rf6 Kc5 25. Rh6 Rh8
26. Ne2 a5 27. Nd4 Bd7 28. Nf3 Kd6 29. Nxg5 Rg8 30. h4 Be8 31. Bf3 Ke7 32. Rxh7
Kf6 33. Nh3 Kg6 34. Rh5 Kf6 35. Nf4 a4 36. Nd3 Nxd3 37. cxd3 e5 38. d4 exd4+
39. Kxd4 axb3 40. axb3 Ke7 41. b4 Bd7 42. Rh6 Be6 43. e5 b6 44. Ke3 Rc8 45. Be2
Rc3+ 46. Kd4 Rc2 47. Ke3 Rc3+ 48. Kf4 Rb3 49. b5 Rb4+ 50. Ke3 Rb3+ 51. Kf2 Rb2
52. Kf1 Rb1+ 53. Kf2 Rb2 54. Kf3 Rb3+ 55. Kf4 Rb4+ 56. Kg5 Re4 57. Bd3 Rg4+ 58.
Kh5 Rxg2 59. Rh8 Rg3 60. Be4 Re3 61. Bc6 Rxe5+ 62. Kh6 Kf6 63. Rb8 Bg4 64. Kh7
Bf5+ 65. Kg8 Re3 66. Rxb6 Rg3+ 67. Kf8 Ke5 68. Kxf7 Be6+ 69. Ke7 Rg7+ 70. Kd8
Rg8+ 71. Kc7 Rg7+ 72. Kb8 Rh7 73. Rb7 Rh8+ 74. Ka7 Rxh4 75. b6 Kd6 76. Be8 Bd5
77. Rd7+ Kc5 78. Rc7+ Kd6 79. b7 Bxb7 80. Rxb7 Rh8 81. Bb5 Kc5 1/2-1/2

[Event "Troy (US Am N/3/21)"]
[Site "?"]
[Date "1995.??.??"]
[Round "?"]
[White "Schey, Danny"]
[Black "Vaughn, Gerald"]
[Result "1-0"]
[WhiteElo "1780"]
[BlackElo "1605"]
[PlyCount "69"]
[EventDate "1995.??.??"]

{3/(21)} 1. e4 c5 2. Nf3 Nc6 3. d4 cxd4 4. Nxd4 Nf6 5. Nc3 e5 6. Ndb5 d6 7. Bg5
a6 8. Bxf6 gxf6 9. Na3 b5 10. Nd5 f5 11. c4 b4 12. Qa4 Bd7 13. Nb5 axb5 14.
Qxa8 bxc4 15. Qxd8+ Kxd8 16. Bxc4 fxe4 17. Nf6 Nd4 18. O-O-O Bc6 19. Bd5 Bh6+
20. Kb1 Bb5 21. Nxe4 Ke7 22. Ng3 f5 23. Rxd4 Rf8 24. Rxb4 Bd3+ 25. Ka1 f4 26.
Rb7+ Kf6 27. Ne4+ Kg6 28. Rd7 f3 29. Rxd6+ Kg7 30. gxf3 Rxf3 31. Rg1+ Kf8 32.
Rxh6 Bxe4 33. Bxe4 Rxf2 34. Rxh7 Rf4 35. Rc1 1-0

[Event "Detroit (WCO/1/6)"]
[Site "?"]
[Date "1995.??.??"]
[Round "?"]
[White "Schey, Danny"]
[Black "Saenz, Scott"]
[Result "1-0"]
[WhiteElo "1780"]
[BlackElo "1605"]
[PlyCount "40"]
[EventDate "1995.??.??"]

{1/(6)} 1. e4 c5 2. Nf3 Nc6 3. d4 cxd4 4. Nxd4 Nxd4 5. Qxd4 d6 6. Be3 Nf6 7.
Nc3 Be6 8. f4 Ng4 9. Bg1 Qc7 10. h3 Nf6 11. f5 Bd7 12. Bc4 g6 13. g4 gxf5 14.
gxf5 Bg7 15. Nd5 Qa5+ 16. c3 O-O 17. Nxe7+ Kh8 18. Bh2 Qc5 19. Bxd6 Qxd4 20.
cxd4 Nxe4 {[Remainder illegible; 1-0, 57?]} 1-0

[Event "Detroit (WCO/3/5)"]
[Site "?"]
[Date "1995.??.??"]
[Round "?"]
[White "Schey, Danny"]
[Black "Mahabir, Jagdesh"]
[Result "1-0"]
[WhiteElo "1780"]
[BlackElo "1605"]
[PlyCount "75"]
[EventDate "1995.??.??"]

{3/(5)} 1. e4 d6 2. d4 Nf6 3. Nc3 g6 4. Nf3 Bg7 5. Be2 O-O 6. O-O Nc6 7. d5 Ne5
8. Nxe5 dxe5 9. Be3 e6 10. Bg5 exd5 11. Nxd5 c6 12. Nxf6+ Bxf6 13. Qxd8 Bxd8
14. Bh6 Re8 15. Rad1 Bf6 16. Rd6 Be6 17. Rfd1 Rad8 18. Be3 Rxd6 19. Rxd6 a6 20.
Bb6 Kg7 21. a4 Re7 22. Rd8 Rd7 23. Rb8 Rd2 24. Kf1 Rxc2 25. Ke1 Rxb2 26. Rxb7
Bg5 27. Bxa6 Bd2+ 28. Kf1 Bc8 29. Ra7 Rxb6 30. Bxc8 c5 31. a5 Rb1+ 32. Ke2 Rb2
33. Kd3 Bb4 34. Be6 Rxf2 35. a6 Rf6 36. Bd5 Rf1 37. Rxf7+ Kh8 38. Rxf1 1-0

[Event "Troy (US Am N/6/7)"]
[Site "?"]
[Date "1995.??.??"]
[Round "?"]
[White "Schey, Danny"]
[Black "Golonka, Stan"]
[Result "0-1"]
[WhiteElo "1780"]
[BlackElo "1965"]
[PlyCount "92"]
[EventDate "1995.??.??"]

{6/(7)} 1. e4 c5 2. Nf3 Nc6 3. d4 cxd4 4. Nxd4 e5 5. Nb5 a6 6. Nd6+ Bxd6 7.
Qxd6 Qf6 8. Qd2 Qg6 9. f3 Nge7 10. c4 Nd4 11. b3 d6 12. Bb2 Nec6 13. Nc3 Be6
14. Bd3 Qh5 15. Nd5 O-O 16. O-O Rad8 17. Rac1 Kh8 18. f4 f5 19. exf5 Bxf5 20.
Bxf5 Rxf5 21. Rfe1 Qg4 22. Rc3 Rdf8 23. Rg3 Qh5 24. Kh1 Ne6 25. Rh3 Qg4 26. Rg3
Qh5 27. Rf1 Nxf4 28. Nxf4 Rxf4 29. Rxf4 Rxf4 30. Qd3 Qf5 31. Qxf5 Rxf5 32. Kg1
Kg8 33. Rd3 Rf6 34. a3 Kf7 35. c5 Ke7 36. Rg3 g6 37. Bc1 Ke6 38. cxd6 Kxd6 39.
Rd3+ Nd4 40. Be3 Kd5 41. Bf2 Rc6 42. h3 Rc3 43. Rxc3 Ne2+ 44. Kf1 Nxc3 45. Ke1
Nb5 46. a4 Nd4 0-1